Digitální dvojčata mění plánování

Pri plánovaní výroby a logistiky sa stále viac uplatňuje nová technológia nazývaná digitálne dvojča. Digitálne dvojčatá sa uplatňujú pri simulácii, predikcii a optimalizácii rozhodovania ešte pred tým, ako dôjde k reálnej investícii do výroby alebo prevádzky. Predstavujú významný nástroj k zníženiu...

Ausführliche Beschreibung

Gespeichert in:
Bibliographische Detailangaben
1. Verfasser: Toman, Pavel
Format: Buchkapitel
Sprache:Tschechisch
Schlagworte:
Tags: Tag hinzufügen
Keine Tags, Fügen Sie das erste Tag hinzu!

MARC

LEADER 00000naa a2200000 4500
001 0257304
005 20190731120846.5
041 0 |a cze 
044 |a CZ 
245 1 0 |a Digitální dvojčata mění plánování  |c Pavel Toman 
520 |a Pri plánovaní výroby a logistiky sa stále viac uplatňuje nová technológia nazývaná digitálne dvojča. Digitálne dvojčatá sa uplatňujú pri simulácii, predikcii a optimalizácii rozhodovania ešte pred tým, ako dôjde k reálnej investícii do výroby alebo prevádzky. Predstavujú významný nástroj k zníženiu miery rizika a nákladov z nesprávnych rozhodnutí. Ich využitím je možné nastaviť vo virtuálnom svete efektívnejšie tovarové a materiálové toky a podľa nich riadiť pohyb vecí v reálnom svete. 
610 2 0 |a technológie nové 
610 2 0 |a digitalizácia 
610 2 0 |a simulácia 
610 2 0 |a výroba 
610 2 0 |a tok materiálu 
610 2 0 |a tok tovaru 
610 2 0 |a údržba 
610 2 0 |a plánovanie 
610 2 0 |a logistika 
610 2 0 |a modelovanie 
100 1 |a Toman, Pavel